01256nam a2200241Ia 4500001000600000003000900006008004100015040001300056040001300069041001300082100001600095100002900111245011600140245007100256250001100327260000900338260001700347260004900364300005700413500048100470650003200951650003100983D1287IT-RoPAU130308s9999 xx 000 0 und d aIT-RoPAU cIT-RoPAU aITALIANO aLevy Pierre gCodice Aut. SPICS: 31720 aCoreografia dei corpi angelici. Una (a)teologia dell'intelligenza collettiva per il buon uso dei mondi virtuali bCibernauti. Tecnologia, Comunicazione, Democrazia-2-Ciberfilosofia a1a ed. aROMA bCastelvecchi c1995 [1° Ed.:1995 - Ed.Ling.Originale:1995] a"26 p. (prefazione: no ; testo: 26 [pagine: 22-47])" aTradizione Farabiana. intelletto Agente. Dai mondi Angelici Ai mondi Virtuali. Dove Il collettivo Umano Comunica con Se Stesso senza passare per Il Cielo. Fonti: Dall'Uno al Multiplo. Luce Dall'Alto e Luce dal Basso. Dalla profezia All'Esplorazione. Enigma e Desiderio. Problema del Male. Intelletto, Intelligibile e Intelligente. pensiero continuo al di Là dell'Interpretazione. Intelligibile o la sintesi del Sensibile. Dall'Altro Mondo al Mondo dell'Altro. tre Liberta'. aSAGGI SULLA MULTIMEDIALITA' eCodice materia Spics: 4257